000 00695nam a2200217Ii 4500
003 JO-AjNU
008 230605s9999||||xx |||||||||||||| ||und||
017 _a1978/4964
020 _a77-7299-71-0
040 _aJO-AjNU
_bara
_erda
_cJO-AjNU
041 _aara
050 1 4 _aE302.H2.S3312 1978
100 3 _aبقلم سيشاشز، ناثان؛ ترجمة فرج، محمد محمد,
_eauthor
_919254
245 0 0 _aالكسندر هاميلتون
264 3 1 _aالفجالة: مكتبة غريب، 1978
300 _a512ص
336 _atext
_btxt
_2rdacontent
337 _aunmediated
_bn
_2rdamedia
338 _avolume
_bnc
_2rdacarrier
650 4 _aهاميلتون-الكسندر
_919255
999 _aA6315
_c9883
_d9883